000 00741cam a2200277 4500
001 3617680
003 LC
005 20160317154447.0
008 730702s1972 enk 000 1 eng
010 _a 73158830
015 _aB***
020 _a0434326208
040 _aDLC
_cDLC
_dDLC
050 0 0 _aPZ 4
_b.H4418Ho 1972
082 0 0 _aFIC H35h
_b1972
100 1 _aHeaven, Constance.
_920809
245 1 4 _aThe house of kuragin :
_bconstance heaven /
260 _aLondon :
_bHeinemann,
_c[1972]
300 _a197 p. :
_c23 cm.
350 _a£1.95
651 0 _aRussia
_xFiction.
_920810
655 7 _aHistorical fiction.
_2gsafd
_92926
906 _a7
_bcbc
_corignew
_d4
_encip
_f19
_gy-gencatlg
942 _2lcc
_cBK
999 _c11645
_d11645